000 00579nam a2200217Ia 4500
003 GCL
008 140319s9999 xx 000 0 eng d
040 _aGCL /
_cGCL
082 0 4 _a616.852
_bW C
100 1 _aWILLIAM, I. MARK G.
245 1 0 _aCONITIVE PSYEHOLOGY AND EMOTIONAL DISORDERS /
_cWILLIAM, I. MARK G.
700 1 _aWATTS, FRASER N.
700 1 _aMATHEWS, ANDREW
260 _a[S.N] :
_bJOHN WILEN ،
_c1993
300 _a226 P
650 0 4 _aAFFECTIVE EDUCATION
650 0 4 _aANXIETY
650 0 4 _aAFFECTIVE SYSTEMS
650 0 4 _aCOGNITION
942 _2ddc
_cBK
999 _c12733
_d12733